Eliminate Things - European Geography #1 - Statistics

General Stats
  • This quiz has been taken 191 times
  • The average score is 15 of 20
Answer Stats
Group # Category % Correct
Green 45 Countries of Europe
100%
Green 30 ... with a population below 9 million
98%
Green 15 ... with a population below 6 million
94%
Orange 45 Capital Cities of Europe
86%
Orange 29 ... which contain the letter A
86%
Green 9 ... which are part of the EU
85%
Blue 45 Countries of Europe (by Flag)
81%
Blue 36 ... which have red on them
81%
Blue 19 ... have blue on them
81%
Purple 90 Countries or Capitals of Europe
78%
Orange 16 ... with an average elevation over 100m
77%
Purple 36 ... with 8 or more letters in their name
77%
Orange 7 ... with at least 1 million people
74%
Purple 14 ... which are coastal
74%
Blue 7 ... have three equal horizontal stripes
73%
Purple 6 ... contain the letter S in their name
66%
Green 1 ... and doesn't end in A or D Denmark
41%
Blue 1 ... and have an eagle on them Serbia
41%
Orange 1 ... and only 5 letters in its name Sofia
35%
Purple 1 ... and lies east of Warsaw Helsinki
29%
No matching quizzes found
Score Distribution
Percent of People with Each Score
Percentile by Number Answered
Your Score History
You have not taken this quiz